000 02243nam a2200337 i 4500
999 _c65270
_d65270
001 768714001
003 CO-MdFUSB
005 20200114162412.0
008 190930t2003 ag ad||| |||| 00| 0 spa d
020 _a950027454X
040 _aCO-MdFUSB
_bspa
_cCO-MdFUSB
_dCO-MdFUSBC
_erda
041 _aspa
082 _223
_a297.63
_bC262m
100 _aCaratini, Roger.
_eautor
240 _aMohamet. Vie du Prophéte.
245 1 _aMohama :
_bla vida de un profeta.
_c/ Roger Caratini ; traducido por Cristina Piña.
250 _aPrimera edición
264 1 _aBuenos Aires, Argentina :
_bEl Ateneo,
_c[2003]
264 4 _c© 2003
300 _a560 páginas
_c; 23 cm
336 _2rdacontent
_atexto
_btxt
337 _2rdamedia
_asin mediación
_bn
338 _2rdacarrier
_avolumen
_bnc
504 _aIncluye referencias bibliográficas (páginas 555-559)
505 _aEl período de la Meca: Antes del Islam. En el tiempo d ela Yahiliyya. -- La Meca y sus habitantes antes del Islam. -- Genealogía del Profeta. -- Infancia y Juventud del Profeta. (570?-610). -- Las creencias religiosas en Arabia antes del Islam. -- La Noche del Destino (Ramadán de 610). -- El nabí (610-613). -- El nabí se convierte en rasul (613-614). -- El anuncio a los habitantes de la Meca y la primera hériga. -- El boicota los hachemitas por parte de los habitantes de La Meca.(616-619) -- El fin del sueño de La Meca.(619-620). -- El viaje nocturno y la ascension del Profeta.(621). La Hériga (agosto- septiembre del 622). -- El perÍodo de Medina (septiembre de 622 -diciembre de 623). -- Las esposas del Profeta. -- El avance (los dos primeros años de la Hériga: 24 de septiembre de 622 -23 de junio de 624). -- El tiempo de las alertas (años 3 y 4 de la Hériga: 24 de junio de 624 - 2 de junio de 626). -- El gran designio (años 5 y 6 de la Hériga: 2 de junio de 626-11 de abril de 628). -- La victoria (séptimo y octavo años d ela Hériga: 11 de mayo de 628-19 de abril de 230). -- La terminación de la obra (fin del año 8 - año 11 de la Hériga: abril de 630-mayo de 632).
563 _aRústico
650 7 _9409
_aBiografía
700 _92590
_aPiña, Cristina.
_etraductor
942 _cBK
945 _aJTF-925